Missing Words: Christmas Song Colors Quiz Stats

 Plays Quiz not verified by Sporcle

Score 0/12 Timer 02:00
0 Plays Today
Song Missing Color % Correct
Rudolph the _____-Nosed ReindeerRed
97.3%
_____ ChristmasWhite
93.3%
Silver and _____Gold
91.8%
The Christmas Song (_____ Roasting on an Open Fire)Chestnuts
90.2%
_____ BellsSilver
89.4%
_____ Chri$tma$Green
88%
_____ ChristmasBlue
87.2%
It Came Upon a Midnight _____Clear
77.4%
Between the Ox and the _____ AssGrey
44.6%
Dance of the Sugar ____ FairyPlum
44.2%
Lo, How a _____ E're BloomingRose
40.5%
The _____ Tree CarolCherry
12.7%

You're not logged in!

Compare scores with friends on all Sporcle quizzes.
OR
Log In

Sporcle TV

Today on Sporcle TV


Watch our educational content, quiz creation guides, and fun videos on Sporcle TV.

Show Comments

Extras

Top Quizzes Today


Score Distribution

Your Account Isn't Verified!

In order to create a playlist on Sporcle, you need to verify the email address you used during registration. Go to your Sporcle Settings to finish the process.

Report this User

Report this user for behavior that violates our Community Guidelines.

Details: